000 00720pam a2200277 a 4500
001 000
005 20170724123921.0
006 000
007 000
008 000
010 _a 87031651
020 _a004620024X
040 _aUOEL
_cDLC
_dDLC
050 0 0 _aTC1665
_b.P68 1988
082 0 0 _a627/.98
_219
100 1 _aPoulos, H. G.,
_d1940-
245 1 0 _aMarine geotechnics /
_cH.G. Poulos.
260 _aLondon ;
_aBoston :
_bUnwin Hyman,
_c1988.
300 _axviii, 473 p. :
_bill. ;
_c25 cm.
500 _aIncludes index.
504 _aBibliography: p. 437-464.
650 0 _aOffshore structures.
650 0 _aMarine geotechnique.
906 _a7
_bcbc
_corignew
_d1
_eocip
_f19
_gy-gencatlg
942 _2lcc
_cSBK
999 _c14139
_d14139